New York Islanders Roster 24-25 - Statistics

General Stats
  • This quiz has been taken 38 times
    5 since last reset
  • The average score is 20 of 26
Answer Stats
# Players % Correct
3 Adam Pelech
100%
27 Anders Lee
100%
11 Anthony Duclair
100%
14 Bo Horvat
100%
13 Matthew Barzal
100%
8 Noah Dobson
100%
6 Ryan Pulock
100%
34 Adam Boqvist
75%
28 Alexander Romanov
75%
53 Casey Cizikas
75%
20 Hudson Fasching
75%
30 Ilya Sorokin
75%
44 Jean-Gabriel Pageau
75%
32 Kyle MacLean
75%
21 Kyle Palmieri
75%
17 Matt Martin
75%
7 Maxim Tsyplakov
75%
2 Mike Reilly
75%
18 Pierre Engvall
75%
24 Scott Mayfield
75%
40 Semyon Varlamov
75%
10 Simon Holmstrom
75%
4 Tony DeAngelo
75%
16 Marc Gatcomb
50%
50 Marcus Hogberg
50%
26 Scott Perunovich
25%
No matching quizzes found
Score Distribution
Percent of People with Each Score
Percentile by Number Answered
Your Score History
You have not taken this quiz since the last reset